40 Most Popular Baby Girl Names Starting with Q (2019) - Statistics

General Stats
  • This quiz has been taken 2,400 times
  • The average score is 15 of 40
Answer Stats
Name % Correct
Quin
96%
Quinn
96%
Quinne
96%
Quynh
96%
Quynn
96%
Queen
85%
Queenie
66%
Quincee
53%
Quincey
53%
Quinci
53%
Quincie
53%
Quincy
53%
Quill
49%
Quinlee
35%
Quinleigh
35%
Quinnlee
35%
Quinnleigh
35%
Quinnley
35%
Quinnly
35%
Queena
33%
Quest
31%
Quora
27%
Quorra
27%
Quinlan
24%
Quinlyn
24%
Quinlynn
24%
Quinnlyn
24%
Quinnlynn
24%
Quinley
22%
Qiana
20%
Qira
20%
Quetzali
10%
Quetzalli
10%
Quetzally
10%
Quetzaly
10%
Quartney
9%
Quintessa
8%
Qamar
6%
Quaniyah
6%
Quinzel
6%
No matching quizzes found
Score Distribution
Percent of People with Each Score
Percentile by Number Answered
Your Score History
You have not taken this quiz